00358nam a2200133Ia 4500003000400000008004100004040001600045082001600061100002300077245005600100260004300156300001000199650001500209GCL140319s9999 xx 000 0 eng d aGCL / cGCL04a616.89bG R1 aGOLDMAN, HOWARD H.10aREVIEW OF GENERAL PSYCHIATRY / cGOLDMAN, HOWARD H. a[S.N] : bLIBRAIRIE DU LIBAN ، c1992 a495 P04aPSYCHIATRY